| 000 | 03206nam a2200493 i 4500 | ||
|---|---|---|---|
| 001 | 193468 | ||
| 003 | SpMaBN | ||
| 005 | 20250709183316.0 | ||
| 007 | ta | ||
| 008 | 240102s2022 sp a | |||| 000 mdspa | ||
| 017 |
_aM 18485-2022 _bOficina Depósito Legal Madrid |
||
| 020 | _a9788412550757 | ||
| 035 | _aa7147714 | ||
| 040 |
_aSpMaBN _bspa _cSpMaBN _erda _dES-MaACL |
||
| 080 | _a821.134.2-82"19" | ||
| 080 | _a821.134.2 Machado, Antonio 2.07 | ||
| 080 | _a908(460.186.2)(0:82) | ||
| 100 | 1 |
_aMachado, Antonio, _d1875-1939 _975151 |
|
| 245 | 1 | 0 |
_aConmigo vais, mi corazón os lleva : _bpáginas sorianas de Antonio Machado / _cAntonio Machado ; edición, selección y notas, César Ibáñez París ; ilustraciones interiores, Gabriele |
| 250 | _aPrimera edición: julio, 2022 | ||
| 264 | 1 |
_a[Alcorcón] : _bLastura, _c[2022] |
|
| 300 |
_a266 páginas : _bilustraciones (blanco y negro y color), planos (blanco y negro) ; _c21 cm |
||
| 336 |
_aTexto _aImagen fija _2rdacontent |
||
| 337 |
_asin mediación _2rdamedia |
||
| 338 |
_avolumen _2rdacarrier |
||
| 490 | 1 |
_aColección Literal _v1 |
|
| 500 | _aIncluye apéndices documentales | ||
| 504 | _aBibliografía: páginas 251-253 | ||
| 520 | _aEste libro reúne en un solo volumen todos los textos de Antonio Machado que tienen como referente, directo o indirecto, a Soria. De todos es conocida la vinculación del gran poeta con la ciudad y la provincia, sustentada en tres columnas principales: cinco cursos como catedrático de francés en su instituto, el amor trágico en la figura hermosa y delicada de Leonor Izquierdo y la poesía, cada vez más alejada del modernismo y del simbolismo, de Campos de Castilla. Menos conocidos son los poemas posteriores, las cartas y los muy relevantes trabajos en prosa, en los que se evidencia el mundo de ideas que bulle en la cabeza del poeta en su etapa soriana, próximas a las de otros miembros de su generación, singularmente Unamuno, así como la estrecha relación de Antonio Machado con los periódicos locales. Completa la colección una selección de recortes de prensa que pone de relieve la fidelidad y precisión con que en la prensa de la época se puede seguir la relación Machado-Soria entre 1907 y 1932. (César Ibáñez París, editor) | ||
| 600 | 1 | 4 |
_aMachado, Antonio, _d1875-1939- _xCrítica e interpretación _2embne _975154 |
| 651 | 7 |
_aSoria _xEn la literatura _2embne _9234751 |
|
| 655 | 0 |
_aCríticas literarias _2tgfbne _9233806 |
|
| 655 | 7 |
_aMisceláneas _2tgfbne _9234752 |
|
| 700 | 1 |
_aIbáñez París, César, _d1963- _9234753 |
|
| 700 | 0 |
_aGabriele _9234754 |
|
| 830 |
_aColección Literal ; _v1 _9234755 |
||
| 852 |
_aES-MaACL _9200946 _bR.154815 _cDEPOJ _jN-9716 _hDonación: César Ibáñez París _gDedicatoria autógrafa del autor _xEncuadernación rústica con solapas |
||
| 903 |
_aIbáñez París, César, _c1963- _ednr |
||
| 942 |
_n0 _cMONOGRAFIA |
||
| 999 |
_c193468 _d193468 |
||